[Event "Poikovsky Karpov 15th"]
[Site "Poikovsky"]
[Date "2014.05.20"]
[Round "9"]
[White "Bologan, Viktor"]
[Black "Sutovsky, Emil"]
[Result "1-0"]
[WhiteElo "2655"]
[BlackElo "2642"]
[Annotator "Krasenkow,M"]
[PlyCount "85"]
[EventDate "2014.05.11"]
[EventType "tourn"]
[EventRounds "9"]
[EventCountry "RUS"]
[EventCategory "18"]
[SourceTitle "CBM 161"]
[Source "ChessBase"]
[SourceDate "2014.07.16"]
[SourceVersion "1"]
[SourceVersionDate "2014.07.16"]
[SourceQuality "1"]

1. d4 Nf6 2. c4 g6 3. Nc3 d5 4. cxd5 Nxd5 5. e4 Nxc3 6. bxc3 Bg7 7. Qa4+ Qd7 8.
Qb3 O-O 9. Nf3 c5 (9... b6 {is another popular plan here.}) 10. d5 (10. Be3 {
is hardly promising:} cxd4 (10... Nc6 11. Rd1 Qc7 12. Be2 Bg4 13. O-O Rad8 14.
dxc5 Bxf3 15. Bxf3 Rxd1 16. Rxd1 Rd8 17. Rxd8+ Nxd8 18. Be2 e6 19. Bb5 Bf8 20.
Qd1 Nc6 $11 {1/2 (76) Krasenkow,M (2636)-Maze,S (2562) Germany 2013}) (10... b6
11. Be2 (11. Rd1 cxd4 12. cxd4 Bb7 13. Bd3 Nc6 14. O-O Na5 15. Qb1 Rac8 16. d5
Nc4 17. Bd4 {1/2 (17) Lukacs,P (2412)-Flumbort,A (2448) Hungary 2005}) 11...
cxd4 12. cxd4 Nc6 13. O-O Qd6 14. Rfd1 Na5 15. Qd3 Be6 16. Qb5 Rfc8 $132 {
0-1 (42) Ponkratov,P (2584)-Savchenko,B (2584) Moscow 2013}) (10... Qc7 11. Rc1
Nc6 12. Be2 Bg4 13. d5 Na5 14. Qd1 Rad8 15. O-O b6 16. c4 Bxf3 17. Bxf3 Nc6 18.
g3 Nd4 19. Bg2 e5 $11 {0-1 (34) Volkov,S (2636)-Mikhalevski,V (2520) ICC INT
2002}) 11. cxd4 Nc6 12. Rd1 Qd6 13. h3 (13. e5 Qb4+ 14. Qxb4 Nxb4 15. Bc4 Bf5
16. Kd2 Be4 17. Rc1 Bd5 18. a3 Bxc4 19. Rxc4 Nd5 $15 {1/2 (45) Moiseenko,A 
(2706)-Nepomniachtchi,I (2717) Riga 2013}) (13. d5 Ne5 14. Be2 Bg4 15. Rc1 {
1-0 (40) Christiansen,L (2524)-Yermolinsky,A (2574) Phoenix 2005} Nxf3+ 16.
gxf3 Bh3 $132 17. Qxb7 $6 Rac8) 13... Bd7 (13... Qb4+ 14. Rd2 Qxb3 15. axb3 Nb4
16. Ne5 Be6 17. Nd3 Nxd3+ 18. Bxd3 Bxb3 19. Rb2 Be6 20. Rxb7 Bxd4 21. Bxd4 Rfd8
22. Rxa7 Rxa7 23. Bxa7 Rxd3 $11 {1/2 (31) Schlosser,P (2579)-Horvath,C (2514)
Austria 2012}) 14. Bd3 (14. Bb5 a6 15. e5 Qc7 16. Be2 Bf5 17. O-O Rac8 18. Rc1
Qd7 19. Qb6 Be6 20. Rc2 Bd5 $132 {0-1 (62) Kallai,G (2473)-Le Roux,J (2576)
Haguenau 2013}) 14... Qb4+ 15. Qxb4 Nxb4 16. Bb1 Rac8 17. Kd2 f5 18. a3 Nc6 19.
Ba2+ Kh8 20. d5 Ne5 $132 {1-0 (44) Nepomniachtchi,I (2716)-Kurnosov,I (2663)
Tyumen 2012}) 10... e6 {Too straightforward.} (10... Qg4 11. Ng5 b6 12. Rb1 c4
13. Qa3 Na6 14. h3 Qd7 15. Bxc4 Qc7 16. Bxa6 Qxc3+ 17. Qxc3 Bxc3+ 18. Bd2 Bxd2+
19. Kxd2 Bxa6 20. Rhc1 Rfc8 21. Ke3 $14 {1-0 (39) Aseev,K (2571)-Dunsbach,R 
(2277) Bad Wiessee 2002}) (10... b6 $5 {[%cal Yc8a6] is probably the most
flexible:} 11. a4 (11. h3 $5) 11... e6 12. Bc4 exd5 13. Bxd5 Ba6 $5 14. Bb2 Nc6
15. c4 Na5 16. Qc2 Bxb2 17. Qxb2 Nxc4 18. Qc3 Rae8 19. O-O Na5 20. Rfe1 Qe7 21.
h4 Bb7 $15 {1/2 (59) Nyback,T (2627)-Socko,B (2656) Warsaw 2009}) 11. Bc4 exd5
12. Bxd5 Na6 13. Be3 (13. Bf4 Nc7 14. Bxc7 Qxc7 15. O-O c4 (15... Bg4 $1 $132)
16. Qb4 Be6 17. Bxe6 fxe6 18. Rfe1 a5 19. Qb2 b5 20. e5 Rab8 $132 (20... Rxf3
$6 21. gxf3 Bxe5 22. Qxb5 Bxc3 23. Rxe6 Bxa1 24. Qd5 $1 $18 {1-0 (28) Eljanov,
P (2716)-Cmilyte,V (2508) Helsingor 2008})) 13... Nc7 $1 14. Bxc5 Nxd5 15. exd5
Re8+ 16. Be3 b6 17. O-O Ba6 18. c4 $1 {[%mdl 512] This double-edged sacrifice
is White's only chance to fight for an advantage.} (18. Rfe1 Rac8 {[%cal Ra6c4,
Rg7c3] with excellent play for Black.}) 18... Bxa1 19. Rxa1 Rac8 20. Nd2 Re5 (
20... f6 $5 {[%cal Yg8g7]}) 21. h3 b5 $5 22. Qa3 Bb7 23. Qxa7 bxc4 $6 {After
this natural move White obtains two pieces for a rook and some winning chances.
} (23... Ra8 $142 $1 24. Qd4 Rae8 25. Nf3 (25. Bf4 Re1+ 26. Rxe1 Rxe1+ 27. Kh2
bxc4 28. Ne4 Rxe4 29. Qxe4 Qxd5 30. Qe8+ Kg7 31. Be5+ f6 32. Qe7+ Kg8 $11)
25... Rf5 (25... Re4 $143 26. Qf6) 26. Nh2 bxc4 (26... h5 $5 27. g4 Rfe5 28.
Nf3 Re4 29. Qf6 Rxe3 30. fxe3 bxc4 $13) 27. Ng4 Qxd5 28. Qxd5 Rxd5 29. Nf6+ Kf8
30. Nxd5 Bxd5 $11) 24. Rb1 Re7 $6 (24... Rc7 $2 25. d6 $1) (24... c3 $142 $1
25. Rxb7 Qxd5 26. Nb3 c2 27. Rb8 Ree8 28. Rxc8 Rxc8 29. Nc1 {- with Black's
pawn on c2 and good centralisation White can hardly win after all.}) 25. d6 Qc6
26. f3 Qxd6 27. Rxb7 Rxb7 28. Qxb7 Rb8 29. Qe4 {[%csl Ge4] White's queen is
now centralized.} c3 30. Nb3 Qe6 (30... Rc8 $142) 31. Qd4 (31. Qxe6 fxe6 32.
Kf2 $16) 31... Re8 32. Bf4 c2 33. Kh2 (33. Bd2 $1 {[%cal Rd2c3]}) 33... h5 34.
Nc5 Qb6 35. Qd7 Re1 36. Qc8+ Kh7 37. Qf8 Qf6 38. Nd3 c1=Q $2 {[%mdl 8192] Just
a blunder.} ({White has no winning path after} 38... Re7 {.}) 39. Qh6+ Kg8 40.
Nxc1 Qd4 41. Bd2 $1 Qg1+ 42. Kg3 Rd1 $4 ({Of course, White should win after} 
42... Rf1 43. Nd3 Qd4 44. Qe3 {, too.}) 43. Bc3 1-0

[Event "Beersheba-Peterburg Kings m"]
[Site "St Petersburg"]
[Date "1999.06.06"]
[Round "2"]
[White "Ivanov, Sergey"]
[Black "Huzman, Alexander"]
[Result "1/2-1/2"]
[WhiteElo "2528"]
[BlackElo "2575"]
[Annotator "Krasenkow,M"]
[PlyCount "70"]
[EventDate "1999.06.??"]
[EventType "schev"]
[EventRounds "10"]
[EventCountry "RUS"]
[SourceTitle "CBM 072"]
[Source "ChessBase"]
[SourceDate "1999.10.01"]
[SourceVersion "1"]
[SourceVersionDate "1999.10.01"]
[SourceQuality "1"]

1. d4 Nf6 2. c4 g6 3. Nc3 d5 4. cxd5 Nxd5 5. e4 Nxc3 6. bxc3 Bg7 7. Nf3 c5 8.
Be2 Nc6 9. Rb1 O-O 10. d5 Ne5 11. Nxe5 Bxe5 12. Qd2 e6 13. f4 Bc7 14. O-O exd5
15. exd5 Ba5 16. Rb3 $6 Re8 {[%cal Ye8e4,Ye4d4] A novelty but there is nothing
wrong with} (16... b6 {. A fresh example:} 17. Qb2 $6 Qxd5 18. Bf3 Qc4 19. Bxa8
Ba6 20. Re1 Rxa8 21. Ra3 $6 (21. Qd2 Qd3 {Pelletier,Y-Ashley,M/Mermaid Beach
Club 1999/1/2-1/2 (41) with a good endgame for Black}) 21... Rd8 22. h3 Bc8 23.
Kh2 Be6 24. Be3 h5 25. Qf2 Rd5 26. Rxa5 bxa5 27. Rb1 Kh7 28. Rb8 Qxc3 {0-1
Almasi,Z-Peng Xiaomin/FIDE-Wch k.o. 1999 (41)}) 17. Bb5 $6 (17. Rd1 $5 Re4 $1
18. Qc2 Bf5 19. Bd3 Qxd5) 17... Re4 $1 18. Bd3 {White gives up a pawn to push
c3-c4 and activate his pieces} Rd4 19. Qe2 Rxd5 20. c4 {[%cal Yc1b2,Ga1h8]} Bg4
21. Qc2 Rh5 $1 {A deep decision! Black wants to eliminate White's kingside
counterplay although his own rook can now find itself out of play. The standard
} (21... Rd6 {was much worse because of} 22. f5 $5 $44 {[%csl Ra5]}) 22. h3 $6
{It is very risky to continue playing a pawn down as White has no sufficient
compensation. He should regain the material sacrificed and fight for equality:}
(22. Rxb7 Qd4+ 23. Kh1 Rd8 24. Rxa7 Bc3 25. Be2 Bxe2 26. Qxe2 Rf5 $44) 22...
Bd7 23. Be2 Rh4 24. Rg3 $2 {[%cal Yf4f5] The same wrong policy.} (24. Rxb7 Bc6
$36) 24... Bc6 (24... Bc7 25. Qc3) (24... Qc7 $5 {[%cal Ya8e8] preventing 25.
f5. But Black decides to allow 25.f5 to make use of the weakening of the b8-h2
diagonal.}) 25. f5 {[%cal Rc1g5]} Bc7 {[%cal Gb8h2]} (25... Be4 26. Qb3 (26.
Qb2 Qd6) 26... Qd4+ 27. Be3 {[%cal Re3g5]}) 26. Rd3 (26. Bg5 Qd4+ 27. Be3 Qe5
$19) 26... Qe7 $6 (26... Rd4 $1 {,getting rid of the "bad" rook, was easily
winning, e.g.} 27. Bb2 Rxd3 28. Bxd3 Qd6 $19) 27. Bb2 {[%cal Rc2c3]} Re8 28.
fxg6 hxg6 29. Bf3 (29. Qc3 Be5 $19) 29... Rf4 $6 (29... Bxf3 30. Rdxf3 (30. Qc3
$2 Be5 31. Qxe5 Qxe5 32. Bxe5 Be2 $19) 30... Qd6 31. g4 Rh7 {and Black must win
}) 30. Qc3 Be5 $4 {An unbelievable mistake.} ({After} 30... f6 $1 31. Bxc6 (31.
Bc1 Be5) 31... Rxf1+ (31... bxc6 $5) 32. Kxf1 Qe2+ (32... bxc6 33. Qd2 Ba5 34.
Bc3) 33. Kg1 bxc6 34. Qd2 $8 Qxd2 35. Rxd2 Bg3 36. Rd1 Kf7 $19 {Black is still
winning because of the poor position of the white king.}) {Now White
liquidates into a rook endgame with no chances to win for Black.} 31. Qxe5 Qxe5
32. Bxe5 Rxe5 33. Bxc6 Rxf1+ 34. Kxf1 bxc6 35. Rd6 Re4 (35... Re4 36. Rxc6 Rxc4
37. Ra6 $11) 1/2-1/2

[Event "Beersheba-Peterburg Kings m"]
[Site "St Petersburg"]
[Date "1999.06.08"]
[Round "4"]
[White "Ivanov, Sergey"]
[Black "Tseitlin, Mark D"]
[Result "1/2-1/2"]
[WhiteElo "2528"]
[BlackElo "2490"]
[Annotator "Krasenkow,M"]
[PlyCount "56"]
[EventDate "1999.06.??"]
[EventType "schev"]
[EventRounds "10"]
[EventCountry "RUS"]
[SourceTitle "CBM 072"]
[Source "ChessBase"]
[SourceDate "1999.10.01"]
[SourceVersion "1"]
[SourceVersionDate "1999.10.01"]
[SourceQuality "1"]

1. d4 Nf6 2. c4 g6 3. Nc3 d5 4. cxd5 Nxd5 5. e4 Nxc3 6. bxc3 Bg7 7. Nf3 c5 8.
Rb1 O-O 9. Be2 cxd4 10. cxd4 Qa5+ 11. Bd2 Qxa2 12. O-O Nd7 13. Bb4 Nb6 14. Ra1
Qe6 15. Qb1 Bd7 16. Ra5 $1 {An idea by Khalifman. It is not easy for Black to
complete his development as his e6 queen is placed extremely awkwardly.} Nc8 $6
{[%cal Ye6b6] Quite a passive move.} (16... Bc6 17. Bd3 (17. d5 Bxd5 {[%csl
Re2]}) 17... Qd7 18. d5 Ba4 19. Bc5 (19. Qa2 Rfd8 $1 20. Bc5 Bc3 $1 21. Rxa7
Rxa7 22. Bxb6 Raa8 23. Bxd8 Rxd8 {0.5/Komarov-Marinkovic,Sl/JUG/1995/}) (19.
Rc1 Rfd8 20. Bc5 e6 21. Rxa7 Rxa7 22. Bxb6 Raa8 23. Bxd8 Rxd8 24. Bc4 exd5 25.
Bxd5 Bc6 $10 {Ftacnik}) 19... Rfc8 20. Qb4 e6 21. Bd4 $5 exd5 22. Bxg7 Kxg7 23.
Qd4+ f6 24. e5 Qe7 25. Re1 Be8 26. h4 $44 {Sherbakov,R-Daniliuk,S/RUS-ch
Elista 1995/1-0 (49)}) 17. d5 (17. Ne5 Be8 18. Ba3 (18. Rd1 Nd6 19. f4 Qc8 {
1/2-1/2 Huzman,A-Tseitlin,M/Tel Aviv super 1st 1999}) 18... b5 $5 19. Bxb5 Bxe5
20. Bxe8 Bc7 $6 (20... Bxd4 $5 21. Ba4 $44) 21. Rc5 Bd6 22. Ba4 Bxc5 23. dxc5
a6 24. Bb3 Qe5 25. Qc2 Rb8 26. Bb2 Qc7 27. Qc3 e5 28. f4 $44 {1-0 Khalifman,
A-Kozul,Z/Bled/Rogaska Slatina 1991 (43) Tseitlin had probably prepared an
improvement for Black in this line but S.Ivanov (a great specialist of the 8.
Rb1 system) applies another line, which is more promising for White.}) 17...
Qb6 18. e5 {[%csl Gd5,Ge5]} a6 {[%cal Yc8a7,Yd7b5]} (18... Bf5 19. Qb3 a6 20.
Qa3 Bg4 21. Re1 Re8 22. Rc5 Qd8 $6 23. h3 $16 {1-0 Gelfand,B-Kozul,Z/Biel izt 
(04) ;CBM 37 1993 (41)}) 19. Qe4 Na7 20. Rfa1 $6 {The white rook has nothing
more to do an a5.} (20. Raa1 {[%cal Rb4a5,Rb4e7]} Rfe8 (20... Nb5 21. Qh4 Rfe8
22. Bxe7 Nc3 23. Bc4 Rac8 24. d6 h6 25. Rfe1 (25. Bf6 $5 Bxf6 26. Bxf7+ Kxf7
27. Qxf6+ $18) 25... g5 26. Bxg5 Rxc4 27. Qxc4 Rc8 28. Qf4 (28. Be3 $18) 28...
hxg5 29. Nxg5 Be6 {1-0 Magai,V-Holmsten,A/33rd Chess Olympiad 1998 (53)}) (
20... Bb5 $2 21. Ba5 Qc5 22. Rfc1 $18) 21. Ba5 Qb2 22. Nd4 (22. Rfb1 Bf5) 22...
Bf5 23. Qe3 Rec8 24. f4 $16) 20... Rac8 21. Bxe7 Rfe8 {Black has given back
his extra pawn but activated his pieces. The white a5 rook is placed extremely
awkwardly. Still, the d5 and e5 pawns cause Black a lot of trouble.} 22. Bg5
Nb5 (22... Bf5 23. Qf4 Rc2 24. Qa4 Rec8 25. Be3 Qb2 26. Bf1 Nb5 27. Bxb5 axb5
28. Qxb5 Bxe5 29. Nxe5 Qxe5 30. h3 $11 {1-0 Zimmerman,Y-Behl,T/Budapest FS08
IM 1996 (36)}) 23. Bf1 (23. Be3 Qd6 $5) 23... Qc7 24. Qh4 {giving up his main
trump!!} (24. Bf4 $142 Nc3 25. Qe3 Bb5 $5 {[%csl Ra5]}) 24... Rxe5 $1 {After
eliminating this pawn Black has nothing to worry about.} 25. Nxe5 Qxe5 26. Bh6
(26. Rd1 Rc2 $44) 26... Qxd5 27. Bxg7 Kxg7 28. Re1 Re8 1/2-1/2

[Event "RUS-chT 06th"]
[Site "St Petersburg"]
[Date "1999.05.17"]
[Round "2"]
[White "Volkov, Sergey"]
[Black "Semeniuk, Alexander A"]
[Result "1-0"]
[WhiteElo "2587"]
[BlackElo "2456"]
[Annotator "Krasenkow,M"]
[PlyCount "169"]
[EventDate "1999.05.16"]
[EventType "team-tourn"]
[EventRounds "9"]
[EventCountry "RUS"]
[SourceTitle "EXT 2020"]
[Source "ChessBase"]
[SourceDate "2019.10.17"]
[SourceVersion "1"]
[SourceVersionDate "2019.10.17"]
[SourceQuality "1"]
[WhiteTeam "Smolensk TsEM"]
[BlackTeam "Vladivostok DVGU"]
[WhiteTeamCountry "RUS"]
[BlackTeamCountry "RUS"]

1. d4 {Hecht.} Nf6 2. c4 g6 3. Nc3 d5 4. cxd5 Nxd5 5. e4 Nxc3 6. bxc3 Bg7 7.
Be3 c5 8. Qd2 cxd4 9. cxd4 Nc6 10. Rd1 Qa5 {The simplest reaction to White's
system of development but in the endgame Black has some problems reaching full
equality.} 11. Qxa5 Nxa5 12. Bd3 (12. Bd2 Nc6 13. d5 Nd4 14. Bd3 e6 15. Bb4
exd5 16. exd5 Bg4 17. f3 Bf5 18. Bxf5 Nxf5 19. Ne2 Ne3 20. Rd2 Rc8 {Ragozin,
E-Semeniuk,A/RUS-ch Orel 1992/0-1 (62)}) (12. Nf3 O-O 13. Be2 (13. Bd3 f5 14.
Ke2 b6 15. Rc1 Bb7 16. exf5 gxf5 17. Rc7 Bd5 18. Rhc1 Bxa2 19. Rxe7 f4 20. Bd2
Rfe8 21. Rcc7 $14 {1/2-1/2 Lukin,A-Semeniuk,A/RUS-ch Orel 1992 (52)}) 13... Bd7
(13... e6 14. O-O b6 (14... Bd7 $5) 15. d5 exd5 16. exd5 Bb7 (16... Bd7) 17.
Bg5 $1 f6 18. Bf4 Rad8 19. d6 Rfe8 20. Nd4 $16 {1-0 Sorokin,M-Dvoirys,S/
URS-ch58 Moscow 1991 (33)}) 14. Bd2 $1 (14. Rc1 Rfc8 15. Kd2 f5 16. Rxc8+ Rxc8
17. exf5 Bxf5 18. Rc1 Rxc1 19. Kxc1 Be6 20. Kb2 Nc4+ {1/2-1/2 Bukic,E-Boric,M/
JUG-Cup f Pula 1991}) 14... b6 (14... Nc6 $2 15. d5 Nd4 16. Nxd4 Bxd4 17. Bb4
Bf6 18. f4 {Babu,N-Konguvel,P/Sakthi 1996/1-0 (49)}) 15. O-O Rfc8 $5 (15...
Rfd8 16. Rc1 Bg4 17. d5 $1 $14 Nb7 (17... f5 18. Bd3 fxe4 19. Bxe4 Bf5 $5) 18.
h3 Bxf3 19. Bxf3 Nc5 20. Be3 Rac8 21. Bg4 $14 {1/2-1/2 Karpov,A-Kasparov,G/New
York/Lyon (m/9) 1990 (33)}) 16. Rc1 Rxc1 (16... Bg4 17. e5 Be6 $132) 17. Rxc1
Rc8 18. Rxc8+ Bxc8 19. Bxa5 bxa5 20. Bc4 e6 21. Ne5 Bb7 22. f3 Kf8 {Sorokin,
M-Dvoirys,S/Ljubljana op 1992/1/2-1/2 (51)}) 12... O-O 13. Ne2 f5 (13... Bd7
14. Rb1 $1 (14. Rc1 Rfc8 15. Kd2 e6 16. Rxc8+ Rxc8 17. Rc1 Rxc1 18. Nxc1 Kf8
$11 {1/2-1/2 Jussupow,A-Gulko,B/Linares 1989/CBM 11 (23)}) 14... b6 15. Kd2
Rfc8 16. Ba6 Rd8 17. Rhc1 Bc8 18. Bd3 Bb7 19. Rc7 Rac8 20. Rbc1 $16 {1-0
Jussupow,A-Khalifman,A/Ubeda 1997 (50)}) 14. O-O fxe4 15. Bxe4 Bf5 {A typical
manoeuvre but White is not forced to swap the bishops.} 16. Bf3 Rac8 17. d5 $1
{[%cal Ye2d4]} Rc2 $6 {Not the best way as White obtains the advantage of a
pair of bishops.} (17... b6 18. Nd4 Bd7 19. Rc1 Nc4 20. Nc6 Nxe3 21. Nxe7+ Kf7
22. Nxc8 Nxf1 23. Rc7 Rxc8 24. Rxd7+ Ke8 25. Rxg7 Rc1 26. h4 $16) (17... Nc4 $1
18. Bxa7 Ne5 19. Nd4 Nxf3+ 20. Nxf3 Bg4 21. Rb1 Bxf3 22. gxf3 Rc7 $11) 18. Nd4
Bxd4 19. Bxd4 Nc4 20. Rfe1 Kf7 21. d6 $1 {this is what Black probably missed} (
21. Bxa7 Nd2 22. Be2 Ra8) 21... Nxd6 22. Bd5+ e6 23. Bb3 Rc6 24. Bxa7 $14 b6
25. Rc1 Rxc1 26. Rxc1 Rc8 27. Re1 Rc6 (27... Nc4 28. g4 $1 Bd3 (28... Bxg4 29.
Re4) 29. Bxb6 (29. Rd1 Be4 (29... Ne5 30. f4 Be2 31. Rd6) 30. Rd7+ Kf6 31. Rxh7
Ne5 (31... Nd2 32. f4) 32. Kf1 $14) 29... Nxb6 30. Bxe6+ (30. Rxe6 $2 Nc4 31.
Re3 Bc2 $1 (31... Bb1 32. Rc3) 32. Rf3+ Kg7 33. Bxc2 Nd2 $17) 30... Kf6 31.
Bxc8 Nxc8 32. Rc1 Ne7 33. a4 $14) 28. Bb8 Ke7 29. f3 h5 30. Rd1 b5 31. h4 Nf7 {
Why passive defence?} (31... Nc4 {[%cal Yc4a5]} 32. Bf4 Ke8 33. Bg5 Rc8 34. Rc1
Kd7) 32. Kh2 Rc8 33. Ba7 Rc6 34. Rd2 Rc3 35. Bb6 {[%cal Yb6a5,Ya5b4]} Ne5 36.
Bd8+ Ke8 37. Bg5 Nd3 38. Bf6 Rc1 39. Bd1 Kf7 40. Bg5 Rc3 41. Re2 e5 42. Bd2 Rc6
43. Re3 Rd6 44. Bc2 Kf6 45. Ba5 Rd4 46. Bb6 Rd7 47. Ba5 Rd4 48. Kg3 Nc5 49. Rc3
Rd5 50. Bb4 Bxc2 51. Rxc2 Ne6 52. Rc6 Kf5 $6 {A wrong plan. The black king has
nothing to do here. It was better to improve the position of the black knight:}
(52... Kf7 53. Kf2 (53. Rb6 Nf4) 53... Nf4 54. Rc7+ Ke6 $11) 53. Rb6 g5 {
Black wants to force a draw as soon as possible but the text move loses a pawn.
However, other ways didn't guarantee a draw anymore:} (53... Nf4 54. Be7 Ne6
55. Kf2 {[%cal Rg2g4]} Rd2+ 56. Kf1 Rd1+ 57. Ke2 Rd4 58. Ke3 Ra4 59. a3 $18) ({
Or} 53... Kf6 {(admitting his mistake)} 54. Kf2 Kf7 55. Rb7+ Kg8 56. Ke3 Nf4
57. g3 $16) 54. hxg5 Nxg5 55. Rh6 (55. Be7 $6 Ne6 56. Kh4 Rd2 $1 57. g4+ hxg4
58. fxg4+ Kf4) 55... e4 56. f4 Rd3+ 57. Kh4 Nf7 ({The piece sacrifice was
interesting:} 57... Kxf4 58. g3+ $1 (58. Rf6+ Ke5 59. Kxg5 Rg3+ 60. Kh4 Rxg2
61. Bc3+ Kd5 62. a3 $16 {is less convincing}) 58... Kf3 (58... Kf5 59. Rxh5)
59. Rf6+ (59. Rxh5 Ne6 60. Rf5+ Kg2 61. Re5 Nd4) 59... Kg2 60. Kxg5 Kxg3 61.
Kxh5 Rd5+ 62. Kg6 e3 63. Rf5 $1 {and White still should win}) (57... Ne6 58. g3
Ng7 59. Bf8 Rd2 60. g4+ $1 hxg4 (60... Kxf4 61. Rf6+ Ke3 62. Bxg7 $18) 61. Bxg7
e3 62. Kg3 Rxa2 63. Rh5+ Kg6 64. Rg5+ Kf7 65. Bc3 $16) 58. Rh7 $5 (58. Rxh5+
Kxf4 59. g4 Nd6 60. Bxd6+ Rxd6 61. Rf5+ Ke3 62. Rxb5 Ra6 $11) 58... Kg6 $6 ({
After} 58... Nd6 59. Bxd6 (59. g3 $4 Kg6 $1 $19) (59. Rd7 Nc4) 59... Rxd6 60.
g3 (60. Rf7+ Ke6 61. Rb7 Rd5) 60... e3 {Black should not lose. After the text
move his position becomes dangerous.}) 59. Rxh5 e3 60. Rxb5 e2 61. g4 Rd4 $1 (
61... Ra3 62. f5+ Kg7 63. Rb7 Rxa2 64. Re7 Rc2 65. Re4 Nd8 66. g5 $18) 62. f5+
Kh7 63. Rb7 $1 Kg8 64. Rb8+ Kh7 65. Ba5 Rd5 66. Bc3 Rd3 67. Rf8 Ne5 68. Re8 Re3
69. Re6 Nf3+ 70. Kh5 Rxc3 71. Rxe2 {In such an endgame three pawns are stroner
than a knight but still a draw is possible. Hecht: '[#]'} Rc5 72. Re7+ Kg8 73.
Ra7 Kf8 74. a4 Ne5 75. a5 Nf7 76. a6 Kg7 77. Ra8 Ra5 78. a7 Ra1 79. g5 Rh1+ (
79... Ne5 80. g6 (80. f6+ Kf7) 80... Nd7 $11) 80. Kg4 Ra1 (80... Rg1+ 81. Kf4
Rf1+ 82. Ke3 Rxf5 $11) 81. f6+ (81. g6 {Hecht} Nh6+ 82. Kg5 Nxf5 83. Kxf5 Ra2
$11) 81... Kh7 82. Kf5 Ra5+ 83. Kf4 Ra4+ (83... Nxg5 {Hecht} 84. Re8 Rxa7 85.
Re7+ Rxe7 (85... Kg6 86. Rxa7 Kxf6 87. Ra6+ Ne6+ 88. Ke4 Kf7 89. Ke5 Nf8 $11)
86. fxe7 Ne6+ 87. Ke5 Ng7 $11) 84. Kg3 Nxg5 85. Re8 {Black probably lost on
time in this drawish position. Hecht: '[#] Wenn Weiß hier gewonnen hat, dann
möglicherweise wegen Zeitablauf; anderenfalls war Schwarz schachblind, was
eher nicht anzunehmen ist.'} (85. Re8 Rxa7 86. Re7+ Rxe7 87. fxe7 Ne4+ $11) 1-0

[Event "Tel Aviv super 1st"]
[Site "Tel Aviv"]
[Date "1999.05.13"]
[Round "3"]
[White "Gelfand, Boris"]
[Black "Liss, Eran"]
[Result "1/2-1/2"]
[WhiteElo "2691"]
[BlackElo "2512"]
[Annotator "Krasenkow,M"]
[PlyCount "52"]
[EventDate "1999.05.11"]
[EventType "tourn"]
[EventRounds "9"]
[EventCountry "ISR"]
[EventCategory "14"]
[SourceTitle "CBM 071"]
[Source "ChessBase"]
[SourceDate "1999.08.01"]
[SourceVersion "1"]
[SourceVersionDate "1999.08.01"]
[SourceQuality "1"]

1. d4 Nf6 2. c4 g6 3. Nc3 d5 4. cxd5 Nxd5 5. e4 Nxc3 6. bxc3 Bg7 7. Nf3 c5 8.
Rb1 O-O 9. Be2 Nc6 10. d5 Ne5 11. Nxe5 Bxe5 12. Qd2 e6 13. f4 Bg7 14. c4 b6 {
This line is often played by L.Ftacnik, J.Smejkal and other Czech and
Slovakian GMs.} 15. Bb2 Bxb2 16. Rxb2 Ba6 (16... e5 17. O-O f6 18. fxe5 fxe5
19. Rbb1 {[%csl Re5]} Rxf1+ 20. Rxf1 Qh4 21. Qc3 Qxe4 22. Bf3 $1 Qf4 (22...
Qd4+ 23. Qxd4 cxd4 24. d6 Rb8 25. Bd5+ Kg7 26. Rf7+ Kh6 27. Rf8 $18) 23. g3 Qf5
24. Bg2 Qd7 25. d6 Bb7 26. Bxb7 Qxb7 27. Qxe5 {1-0 Sherbakov,R-Aronian,L/Decin
op 1996}) (16... Re8 17. e5 Bb7 18. O-O exd5 19. Bf3 f6 20. Re1 fxe5 21. fxe5
Qc7 22. Bxd5+ Bxd5 23. Qxd5+ Kg7 24. e6 Rad8 25. Qf3 (25. Qg5 Rxe6 $1 {0-1
Solymosi,I-Veroci,Z/HUN-chT2 1994 (50)}) 25... Re7 26. Rf2 Qd6 27. Qf6+ Kg8 28.
Qg5 $1 Kg7 (28... Rde8 29. Qd5 $1) 29. Qf6+ Kg8 30. Qg5 Kg7 31. h4 $1 Rde8 32.
Qd5 Rd8 33. Qg5 Rde8 34. Rd2 Qc6 $2 35. Qe5+ Kg8 36. Rd7 $1 b5 37. cxb5 Qxb5
38. h5 Qb6 39. Rxe7 Rxe7 40. h6 c4+ 41. Kh1 Qd8 42. Rb1 Rc7 43. Qf4 $1 g5 44.
Qxg5+ $1 {1-0 Khalifman,A-Khenkin,I/Leningrad II 1989}) 17. h4 $146 {Leaving
the white king in the centre is a double-edged idea.} (17. O-O exd5 18. cxd5 (
18. exd5 Qf6 {1/2-1/2 Demir,G-Korpics,Z/Budapest FS08 IM 1993}) 18... Bxe2 19.
Qxe2 f5 20. Qc4 (20. exf5 Qxd5 21. fxg6 Qd4+ 22. Kh1 {1/2-1/2 Alterman,
B-Tseitlin,M/ISR-ch 1994}) (20. Rd2 fxe4 21. d6 Qf6 22. Qxe4 Rae8 23. Qa4 Rd8
24. d7 Qf5 25. Qxa7 Rf7 26. Qxb6 Rdxd7 27. Rxd7 Rxd7 28. a4 Rd2 29. Qb3+ Qd5
30. Qxd5+ Rxd5 $14 {1/2-1/2 Sakaev,K-Kharlov,A/URS-chJ Kherson 1991 (48)})
20... fxe4 21. Re2 Qd6 22. Rxe4 b5 23. Qxb5 Qxd5 24. Qe2 Rad8 25. Rc1 Qd2 26.
Qc4+ Rf7 27. Rce1 Kg7 28. Qxc5 Qxa2 29. Qc3+ Kg8 30. Qc5 {1/2-1/2 Alterman,
B-Groszpeter,A/Katerini op 1992}) (17. Rb3 $5 Re8 18. Re3 exd5 19. cxd5 Bxe2
20. Rxe2 Qh4+ 21. g3 Qh3 22. Rf1 b5 23. f5 Qh5 24. Rf4 g5 25. Rff2 f6 26. e5
Rxe5 27. Rxe5 fxe5 28. d6 Rd8 29. Qd5+ Qf7 30. Qxc5 {1-0 Khalifman,A-Greenfeld,
A/Beer Sheva-Peterburg Kings m 1999 (40)}) 17... exd5 18. cxd5 Bxe2 19. Kxe2 (
19. Qxe2 f5) 19... Qd7 20. Kf2 Rad8 {[%cal Rf7f5]} 21. Rd1 Qg4 22. Rb3 $6 {
Quite a strange pawn sacrifice.} (22. g3 Rfe8 23. Re1 (23. e5 f6) 23... f6 $5
$13 {[%cal Yg6g5]}) 22... Rfe8 23. Re1 Qxh4+ 24. Kf1 Qh1+ 25. Kf2 Qh4+ 26. Kf1
Qh1+ {Black doesn't take the risk of playing for a win against one of the
world's best players.} (26... g5 $1 $17) 1/2-1/2